000 00404 a2200157 4500
999 _c7790
_d7790
020 _a0826461271
050 _aHF 5686 LUC 2002
100 _aLucey, T.
_eauthor
245 _aCosting /
_cTerry Lucey.
250 _a6th
264 _aLondon:
_bBookpower,
_c2002.
300 _a609p. :
500 _aIncludes index
650 _aCost accounting
_xStudy and teaching
942 _2lcc
_cBK
_e6th
_h5686
_iLUC
_k2002